| 000 | 00437nam a2200181Ia 4500 | ||
|---|---|---|---|
| 005 | 20240823052230.0 | ||
| 008 | 240823s9999||||xx |||||||||||||| ||und|| | ||
| 041 | _aENGLISH | ||
| 082 | _A510 N3 | ||
| 100 | _aBharaduraj R | ||
| 245 | 0 | _aMathmetical Guide Line with Formula and Definitions | |
| 250 | _a1st | ||
| 260 |
_c1993 _b"Ap,Delhi" |
||
| 500 | _aTRANSFERED | ||
| 650 |
_aMATHS _bMathematics |
||
| 942 | _cBK | ||
| 999 |
_c221389 _d221389 |
||